| 000 | 00336nam a2200121Ia 4500 | ||
|---|---|---|---|
| 008 | 230907s9999||||xx |||||||||||||| ||und|| | ||
| 082 |
_a333.7082 _bCHI |
||
| 245 | 0 | _aWomen and environment : | |
| 260 |
_aAPH, _bNew Delhi : _c2012 |
||
| 300 | _a271 p. ; | ||
| 650 |
_aCongresses. Congresses. Congresses. Congresses. _9115644 |
||
| 942 | _cBK | ||
| 999 |
_c599130 _d599130 |
||